000 00792cam a2200253 4500
001 J3184
008 090401t1995 xxu||||| |||| 00| 0 eng d
035 _a(Sirsi) u53591
041 _aeng
050 _a692.8
090 _aJCT 1995/13A
110 _aJoint Contracts Tribunal
_93664
245 _aStandard Form of Building Contract 1980 edition ... Amendment 15 and guidance note issued July 1995: effect of final certificate.
260 _aLondon
_bRIBA Publications
_c1995
300 _a4p. ; 30cm.
350 _a0.2
650 _aAMENDMENT 15
650 _aBUILT ENVIRONMENT-BUILDING CONTRACT FORMS
650 _aFINAL CERTIFICATE
650 _aJCT STANDARD FORM OF CONTRACT 1980
690 _aBUILT ENVIRONMENT-BUILDING CONTRACT FORMS
942 _n0
948 _c04/03/1997
999 _c93299
_d93299